|
|
|
|
| LEADER |
00000nam a2200000 a 4500 |
| 001 |
UCM2893 |
| 003 |
CL-VaPUC |
| 008 |
020621e20000600AG |||||||||||||||||spa|d |
| 082 |
0 |
4 |
|a 347.73
|b BUR
|2 21
|
| 100 |
0 |
|
|a Burt, Robert A
|e author
|9 469595
|
| 245 |
1 |
0 |
|a Constitución y conflicto
|
| 300 |
|
|
|a 518 p
|
| 942 |
|
|
|c BK
|
| 945 |
|
|
|d 20020621 00:00:00
|a vberengu
|
| 260 |
|
|
|a Buenos Aires
|b Eudeba
|c 2000
|
| 650 |
|
0 |
|a Derecho constitucional
|9 222588
|
| 650 |
|
0 |
|a Corte Suprema de Estados Unidos
|9 469596
|
| 650 |
|
0 |
|a Poder judicial
|9 254871
|
| 650 |
|
0 |
|a Separación de poderes
|9 376385
|
| 651 |
|
0 |
|a Estados Unidos
|9 255178
|
| 583 |
|
|
|a last modification
|c 20020621 00:00:00
|k Rodrigo Vera
|
| 490 |
0 |
|
|a Estudios
|
| 999 |
|
|
|c 300509
|d 300507
|
| 952 |
|
|
|0 0
|1 0
|4 0
|6 347_730000000000000_BUR_2000
|7 0
|8 A
|9 358366
|a BIBDER
|b BIBDER
|d 2019-11-21
|i 3808823
|o 347.73 BUR 2000
|p 3808823
|r 2023-01-25
|w 2019-11-21
|y BK
|k DER
|